000 00515nam a2200217Ia 4500
003 OSt
005 20220928144101.0
006 a|||||r|||| 00| 0
007 ta
008 220927b |||||||| |||| 00| 0 eng d
024 _a24187
037 _cTextual
040 _aSDCL
_cSDCL
_beng
041 _2eng
_aeng
082 _aI:64, M4
100 _aLange W
_9506844
245 0 _aEfficiency in plant breeding.
260 _c1984
942 _hI:64, M4
_cTEXL
_2CC
999 _c826102
_d826102